K příčinám bankovních krizí - příklad Japonska
Japonská banková kríza (trvá od roku 1990) sa ponúka ako objekt analýzy, z ktorého možno vyvodiť typický základný vzorec kríz a ktorý je poučením najmä pre bankový dohľad. Príčiny bankových kríz.
Salvato in:
| Autore principale: | |
|---|---|
| Natura: | Capitolo di libro |
| Lingua: | ceco |
| Soggetti: | |
| Tags: |
Nessun Tag, puoi essere il primo ad aggiungerne!!
|
MARC
| LEADER | 00000naa a2200000 4500 | ||
|---|---|---|---|
| 001 | r032067 | ||
| 005 | 20230908085619.5 | ||
| 041 | 0 | |a cze | |
| 044 | |a CZ | ||
| 245 | 1 | 0 | |a K příčinám bankovních krizí - příklad Japonska |c Marie Stanzelová |
| 520 | |a Japonská banková kríza (trvá od roku 1990) sa ponúka ako objekt analýzy, z ktorého možno vyvodiť typický základný vzorec kríz a ktorý je poučením najmä pre bankový dohľad. Príčiny bankových kríz. | ||
| 610 | 2 | 0 | |a kríza banková |
| 610 | 2 | 0 | |a Japonsko |
| 610 | 2 | 0 | |a kontrola banková |
| 100 | 1 | |a Stanzelová, Marie | |